000
00338nam a2200133 a 4500
005
20140414131904.0
008
100923s19uu xx 00 eng d
050
_a
FIC
_b
R61 2004
100
_a
Rodda, Emily
245
_a
Isle of the dead.
260
_a
New York :
_b
Scholastic ,
_c
2004.
440
_a
Dragons of Deltora
999
_c
110860
_d
110860